<?xml version="1.0" encoding="UTF-8"?>
<record
    xmlns:xsi="http://www.w3.org/2001/XMLSchema-instance"
    xsi:schemaLocation="http://www.loc.gov/MARC21/slim http://www.loc.gov/standards/marcxml/schema/MARC21slim.xsd"
    xmlns="http://www.loc.gov/MARC21/slim">

  <leader>01891nam0a2200373 i 4500</leader>
  <controlfield tag="001">RU\NLR\BIBL_A\011399648</controlfield>
  <controlfield tag="005">20260409000051.0</controlfield>
  <datafield tag="010" ind1=" " ind2=" ">
    <subfield code="a">9785906867582</subfield>
  </datafield>
  <datafield tag="021" ind1=" " ind2=" ">
    <subfield code="a">RU</subfield>
    <subfield code="b">2017-34903</subfield>
    <subfield code="9">2560</subfield>
  </datafield>
  <datafield tag="035" ind1=" " ind2=" ">
    <subfield code="a">(RuMoRGB)008883928</subfield>
  </datafield>
  <datafield tag="035" ind1=" " ind2=" ">
    <subfield code="a">(NLR Aleph) 011399648</subfield>
  </datafield>
  <datafield tag="090" ind1=" " ind2=" ">
    <subfield code="a">11500514</subfield>
    <subfield code="c">11500514</subfield>
  </datafield>
  <datafield tag="100" ind1=" " ind2=" ">
    <subfield code="a">20170605d2017    km y0rusy50      ca</subfield>
  </datafield>
  <datafield tag="101" ind1="0" ind2=" ">
    <subfield code="a">rus</subfield>
  </datafield>
  <datafield tag="102" ind1=" " ind2=" ">
    <subfield code="a">RU</subfield>
  </datafield>
  <datafield tag="105" ind1=" " ind2=" ">
    <subfield code="a">a|||z|||010zy</subfield>
  </datafield>
  <datafield tag="200" ind1="1" ind2=" ">
    <subfield code="a">&#x420;&#x443;&#x441;&#x43B;&#x430;&#x43D; &#x438; &#x41B;&#x44E;&#x434;&#x43C;&#x438;&#x43B;&#x430;</subfield>
    <subfield code="e">&#x432;&#x442;&#x43E;&#x440;&#x43E;&#x439; &#x441;&#x43C;&#x44B;&#x441;&#x43B;&#x43E;&#x432;&#x43E;&#x439; &#x440;&#x44F;&#x434; &#x43F;&#x43E;&#x44D;&#x43C;&#x44B; &#x410;. &#x421;. &#x41F;&#x443;&#x448;&#x43A;&#x438;&#x43D;&#x430;</subfield>
    <subfield code="e">200-&#x43B;&#x435;&#x442;&#x438;&#x44E; &#x441;&#x43E; &#x434;&#x43D;&#x44F; &#x440;&#x43E;&#x436;&#x434;&#x435;&#x43D;&#x438;&#x44F; &#x41F;&#x435;&#x440;&#x432;&#x43E;&#x433;&#x43E; &#x41F;&#x43E;&#x44D;&#x442;&#x430; &#x420;&#x43E;&#x441;&#x441;&#x438;&#x438; &#x43F;&#x43E;&#x441;&#x432;&#x44F;&#x449;&#x430;&#x435;&#x442;&#x441;&#x44F;</subfield>
    <subfield code="f">&#x412;&#x43D;&#x443;&#x442;&#x440;&#x435;&#x43D;&#x43D;&#x438;&#x439; &#x41F;&#x440;&#x435;&#x434;&#x438;&#x43A;&#x442;&#x43E;&#x440; &#x421;&#x421;&#x421;&#x420;</subfield>
  </datafield>
  <datafield tag="205" ind1=" " ind2=" ">
    <subfield code="a">(&#x412; &#x440;&#x435;&#x434;. 1999 &#x433;. &#x441; &#x43D;&#x435;&#x43A;&#x43E;&#x442;&#x43E;&#x440;&#x44B;&#x43C;&#x438; &#x443;&#x442;&#x43E;&#x447;&#x43D;&#x435;&#x43D;&#x438;&#x44F;&#x43C;&#x438;)</subfield>
  </datafield>
  <datafield tag="210" ind1=" " ind2=" ">
    <subfield code="a">&#x41C;&#x43E;&#x441;&#x43A;&#x432;&#x430;</subfield>
    <subfield code="c">&#x41A;&#x43E;&#x43D;&#x446;&#x435;&#x43F;&#x442;&#x443;&#x430;&#x43B;</subfield>
    <subfield code="d">2017</subfield>
  </datafield>
  <datafield tag="215" ind1=" " ind2=" ">
    <subfield code="a">429 &#x441;.</subfield>
    <subfield code="c">&#x438;&#x43B;.</subfield>
    <subfield code="d">22</subfield>
  </datafield>
  <datafield tag="320" ind1=" " ind2=" ">
    <subfield code="a">&#x411;&#x438;&#x431;&#x43B;&#x438;&#x43E;&#x433;&#x440;. &#x432; &#x43F;&#x43E;&#x434;&#x441;&#x442;&#x440;&#x43E;&#x447;. &#x43F;&#x440;&#x438;&#x43C;&#x435;&#x447;.</subfield>
  </datafield>
  <datafield tag="333" ind1=" " ind2=" ">
    <subfield code="a">16+</subfield>
  </datafield>
  <datafield tag="500" ind1=" " ind2=" ">
    <subfield code="a">&#x420;&#x443;&#x441;&#x43B;&#x430;&#x43D; &#x438; &#x41B;&#x44E;&#x434;&#x43C;&#x438;&#x43B;&#x430;</subfield>
    <subfield code="3">RU\NLR\AUTH\5510704</subfield>
    <subfield code="9">2632704</subfield>
  </datafield>
  <datafield tag="604" ind1=" " ind2=" ">
    <subfield code="1">700#1$a&#x41F;&#x443;&#x448;&#x43A;&#x438;&#x43D;$b&#x410;.&#x421;.$g&#x410;&#x43B;&#x435;&#x43A;&#x441;&#x430;&#x43D;&#x434;&#x440; &#x421;&#x435;&#x440;&#x433;&#x435;&#x435;&#x432;&#x438;&#x447;$f1799 - 1837</subfield>
    <subfield code="1">500##$a"&#x420;&#x443;&#x441;&#x43B;&#x430;&#x43D; &#x438; &#x41B;&#x44E;&#x434;&#x43C;&#x438;&#x43B;&#x430;"$2nlr_sh2$3RU\NLR\AUTH\66935467</subfield>
    <subfield code="3">RU\NLR\AUTH\66935467</subfield>
    <subfield code="a">&#x41F;&#x443;&#x448;&#x43A;&#x438;&#x43D;, &#x410;&#x43B;&#x435;&#x43A;&#x441;&#x430;&#x43D;&#x434;&#x440; &#x421;&#x435;&#x440;&#x433;&#x435;&#x435;&#x432;&#x438;&#x447; (1799 - 1837)</subfield>
    <subfield code="t">"&#x420;&#x443;&#x441;&#x43B;&#x430;&#x43D; &#x438; &#x41B;&#x44E;&#x434;&#x43C;&#x438;&#x43B;&#x430;"</subfield>
    <subfield code="9">2030805</subfield>
  </datafield>
  <datafield tag="686" ind1=" " ind2=" ">
    <subfield code="a">&#x428;5(2=&#x420;)51-4&#x41F;&#x443;&#x448;&#x43A;&#x438;&#x43D; &#x410;.&#x421;.535,0</subfield>
    <subfield code="2">rubbk</subfield>
  </datafield>
  <datafield tag="686" ind1="2" ind2=" ">
    <subfield code="a">&#x428;5(2=&#x420;)51-4&#x41F;&#x443;&#x448;&#x43A;&#x438;&#x43D;535</subfield>
  </datafield>
  <datafield tag="702" ind1=" " ind2="1">
    <subfield code="8">rus</subfield>
    <subfield code="7">ca</subfield>
    <subfield code="a">&#x41F;&#x443;&#x448;&#x43A;&#x438;&#x43D;</subfield>
    <subfield code="b">&#x410;. &#x421;.</subfield>
    <subfield code="c">&#x43F;&#x43E;&#x44D;&#x442;</subfield>
    <subfield code="f">1799-1837</subfield>
    <subfield code="g">&#x410;&#x43B;&#x435;&#x43A;&#x441;&#x430;&#x43D;&#x434;&#x440; &#x421;&#x435;&#x440;&#x433;&#x435;&#x435;&#x432;&#x438;&#x447;</subfield>
    <subfield code="3">RU\NLR\AUTH\77386</subfield>
    <subfield code="9">110441</subfield>
  </datafield>
  <datafield tag="712" ind1="0" ind2="2">
    <subfield code="4">570</subfield>
    <subfield code="a">"&#x412;&#x43D;&#x443;&#x442;&#x440;&#x435;&#x43D;&#x43D;&#x438;&#x439; &#x43F;&#x440;&#x435;&#x434;&#x438;&#x43A;&#x442;&#x43E;&#x440; &#x421;&#x421;&#x421;&#x420;", &#x43E;&#x431;&#x449;&#x435;&#x441;&#x442;&#x432;&#x435;&#x43D;&#x43D;&#x430;&#x44F; &#x438;&#x43D;&#x438;&#x446;&#x438;&#x430;&#x442;&#x438;&#x432;&#x43D;&#x430;&#x44F; &#x433;&#x440;&#x443;&#x43F;&#x43F;&#x430;</subfield>
    <subfield code="3">RU\NLR\AUTH\8810142889</subfield>
    <subfield code="9">780397</subfield>
  </datafield>
  <datafield tag="942" ind1=" " ind2=" ">
    <subfield code="c">BOOK</subfield>
  </datafield>
  <datafield tag="980" ind1=" " ind2=" ">
    <subfield code="a">NBR</subfield>
  </datafield>
</record>
